Normal view
MARC view
- خضر،فخري رشيد مؤلف/موسى،محمود أحمد م.مشارك/نبراي،يوسف إبراهيم م.مشارك
Entry Personal Name
001 - CONTROL NUMBER
- control field: 7334
003 - CONTROL NUMBER IDENTIFIER
- control field: JO-AjAnu
005 - DATE AND TIME OF LATEST TRANSACTION
- control field: 20230606071503.0
008 - FIXED-LENGTH DATA ELEMENTS
- fixed length control field: 230606|| aca||aabn | a|a d
040 ## - CATALOGING SOURCE
- Original cataloging agency: JO-AjAnu
- Transcribing agency: JO-AjAnu
100 ## - HEADING--PERSONAL NAME
- Personal name: خضر،فخري رشيد مؤلف/موسى،محمود أحمد م.مشارك/نبراي،يوسف إبراهيم م.مشارك
670 ## - SOURCE DATA FOUND
- Source citation: Work cat.: (JO-AjAnu)3795: خضر،فخري رشيد مؤلف/موسى،محمود أحمد م.مشارك/نبراي،يوسف إبراهيم م.مشارك, author, مدخل إلى أصول التربية